000 00910nam a2200277 a 4500
001 50172
003 BD-RjUL
005 20211209075453.0
008 160824s1951 nyua b 001 0 eng
035 _a(BD-RjUL)50292
040 _aDLC
_cFUB
_dXBM
_dUKM
_dEQO
_dBD-RjUL
_beng
041 _aeng
082 _a371.2
_223
_bHAA 1951
100 1 _aHagman, Harlan L.
_9150381
245 1 4 _aThe administration of American public schools /
_cHarlan H. Hagman.
250 _a1st ed.
260 _aLondon :
_bMcGraw-Hill Book Company, Inc.,
_cc1951,[3rd impression]
300 _axii, 428 p. :
_bill. ;
_c24 cm.
490 1 _aMcGraw-Hill series in education
500 _aInclude index
650 0 _aSchool management and organization
_zUnited States.
_9133213
650 0 _aPublic schools
_zUnited States.
_9150389
830 0 _aMcGraw-Hill series in education
_9150395
942 _2ddc
_cBK
999 _c50172
_d50172